| 000 | 01036cam a22002771 4500 | ||
|---|---|---|---|
| 001 | 2179036 | ||
| 003 | OSt | ||
| 005 | 20110720124421.0 | ||
| 008 | 710514s1962 enk 000 0 eng | ||
| 010 | _a 68125651 | ||
| 040 |
_aDLC _cDLC _dDLC |
||
| 043 | _ae-uk--- | ||
| 050 | 0 | 0 |
_aKD7868 _b.C76 1962 |
| 082 | _a345.026 ODO | ||
| 100 | 1 |
_aOdoki, Ben J, _cSir, _d1974. _eed. _9787 |
|
| 245 | 1 | 0 |
_aCases on criminal law : _cBen, J. Odoki / |
| 260 |
_aKampala : _bLow Development Center. _c1974. |
||
| 300 |
_axxxviii, 400 p.; _c23 cm. |
||
| 650 | 0 |
_aCriminal law _zUganda _xCases. _9788 |
|
| 700 | 1 |
_aJones, Philip Asterley, _ejoint ed. _9789 |
|
| 906 |
_a7 _bcbc _corignew _du _encip _f19 _gy-gencatlg |
||
| 942 |
_2ddc _cBK |
||
| 999 |
_c267 _d267 |
||